Breaking through chemistry / (Record no. 13694)
[ view plain ]
| 000 -LEADER | |
|---|---|
| fixed length control field | 00607nam a22002057a 4500 |
| 003 - CONTROL NUMBER IDENTIFIER | |
| control field | OSt |
| 005 - DATE AND TIME OF LATEST TRANSACTION | |
| control field | 20140310182453.0 |
| 008 - FIXED-LENGTH DATA ELEMENTS--GENERAL INFORMATION | |
| fixed length control field | 130627t xxu||||| |||| 00| 0 eng d |
| 020 ## - INTERNATIONAL STANDARD BOOK NUMBER | |
| International Standard Book Number | 9715845010 |
| 050 ## - LIBRARY OF CONGRESS CALL NUMBER | |
| Classification number | QD 33.2 |
| Item number | .B149 2007 |
| 100 ## - MAIN ENTRY--PERSONAL NAME | |
| Personal name | Baguio, Saranay M. |
| 9 (RLIN) | 8186 |
| 245 ## - TITLE STATEMENT | |
| Title | Breaking through chemistry / |
| Statement of responsibility, etc | Saranay M. Baguio and Rose Mary B. Butaran. |
| 260 ## - PUBLICATION, DISTRIBUTION, ETC. (IMPRINT) | |
| Place of publication, distribution, etc | Quezon City : |
| Name of publisher, distributor, etc | C & E Publishing, |
| Date of publication, distribution, etc | c2006. |
| 300 x# - PHYSICAL DESCRIPTION | |
| Extent | xiii, 562 p. ; |
| Dimensions | 26 cm. |
| Other physical details | ill. ; |
| 541 ## - IMMEDIATE SOURCE OF ACQUISITION NOTE | |
| -- | 1 |
| 562 ## - COPY AND VERSION IDENTIFICATION NOTE | |
| Number of copies | 1 |
| 650 ## - SUBJECT ADDED ENTRY--TOPICAL TERM | |
| Topical term or geographic name as entry element | Chemistry |
| 9 (RLIN) | 1508 |
| 700 ## - ADDED ENTRY--PERSONAL NAME | |
| Personal name | Butaran, Rose Mary B. |
| 9 (RLIN) | 8187 |
| 942 ## - ADDED ENTRY ELEMENTS (KOHA) | |
| Source of classification or shelving scheme | Library of Congress Classification |
| Koha item type | |
| Withdrawn status | Lost status | Source of classification or shelving scheme | Damaged status | Home library | Current library | Shelving location | Date acquired | Total Checkouts | Total Renewals | Full call number | Barcode | Date last seen | Date checked out | Copy number | Price effective from | Koha item type |
|---|---|---|---|---|---|---|---|---|---|---|---|---|---|---|---|---|
| Library of Congress Classification | South SEED-LPDH College Library | South SEED-LPDH College Library | South SEED-LPDH College Section | 08/05/2013 | 3 | 2 | QD 33.2 .B149 2007 | SSLC0638 | 05/15/2018 | 06/28/2016 | 1 | 08/05/2013 | Books |